000 00500nam a2200181Ia 4500
005 20250326124826.0
008 250326s9999 xx 000 0 und d
037 _aTextbook
040 _aFMSL
_beng
_cFMSL
041 _aeng
_2eng
084 _aX:8D K63
_qFMSL
100 _aBradley J F
245 0 _aAdministrative ficial management
_cBradley J F
260 _aNY Holt
_bNY Holt, Rinehart And Winston
_c1966
300 _a612p
942 _cTB
_hX:8D K63
999 _c1275388
_d1275388